Fiatalkori vezetésfejlesztés az AIESEC tükrében

Bibliográfiai részletek
Szerző: Makács Anita Nóra
További közreműködők: Németh Dr. János Pál
Dokumentumtípus: Diplomadolgozat
Kulcsszavak:Kompetencia
Vezetésfejlesztés
Siker
Online Access:http://dolgozattar.uni-bge.hu/12059

MARC

LEADER 00000nta a2200000 i 4500
001 dolg12059
005 20170518105237.0
008 170518suuuu hu om 000 hun d
040 |a BGE Dolgozattár Repozitórium  |b hun 
041 |a hu 
100 1 |a Makács Anita Nóra 
245 1 0 |a Fiatalkori vezetésfejlesztés az AIESEC tükrében  |c Makács Anita Nóra  |h [elektronikus dokumentum] 
695 |a Kompetencia 
695 |a Vezetésfejlesztés 
695 |a Siker 
700 1 |a Németh Dr. János Pál  |e ths 
856 4 0 |u http://dolgozattar.uni-bge.hu/12059/1/szakdogafelt%C3%B6lt%C3%A9s.pdf  |z Dokumentum-elérés